00465nam a2200169Ia 450000500170000000800410001702000150005808200190007310000160009224500910010826000320019930000160023165000120024765000130025965000100027265000130028220250324051404.0240331s9999 xx 000 0 und d a0836401956 a303bODD21009 aOddie, G. A 0aSocial Protest in India:bBritish Protestant Missionaries and Social Reforms 1850-1900 aNew Delhi;bMissouri c1978 avi, 283 p., aSociety aReligion aCaste aAgrarian